000 00380nam a22001457a 4500
005 20250610094954.0
008 250610b |||||||| |||| 00| 0 eng d
020 _a9781565639119
050 _aBT 25
_bKEL
100 _aKELLY, J.N,D
245 _aEARLY CHRISTIAN DOCTRINES
260 _aNEW YORK
_bHARPERCOLLINS PUBLISHERS, INC.
_cc1978
300 _axii, 511p
942 _2lcc
_cBK
_n0
999 _c6382
_d6382